000 00246nam a2200109Ia 4500
008 190216s9999||||xx |||||||||||||| ||und||
100 _aVaikam Muhammed Basheer
245 0 _aHeming Way
260 _bDc Books
650 _aOormakurip
942 _cBK
999 _c26166
_d26166